Most Common First Four Letters of Countries - Statistics

General Stats
  • This quiz has been taken 1,182 times
  • The average score is 25 of 36
Answer Stats
Country % Correct
AU{ST}
99%
Australia
88%
Austria
88%
S{OUT}
80%
U{NIT}
78%
United Kingdom
76%
United States
76%
United Arab Emirates
74%
N{IGE}
72%
South Korea
72%
G{UIN}
71%
South Africa
71%
South Sudan
71%
D{OMI}
70%
M{AUR}
69%
T{URK}
69%
Niger
68%
Nigeria
68%
Dominica
67%
Guinea
67%
Dominican Republic
66%
Guinea-Bissau
65%
M{ALA}
65%
S{AIN}
65%
Turkey
65%
Mauritania
64%
Mauritius
64%
Turkmenistan
64%
Saint Kitts and Nevis
60%
Saint Lucia
60%
Saint Vincent and the Grenadines
59%
Malaysia
58%
S{LOV}
58%
Malawi
55%
Slovakia
55%
Slovenia
55%
No matching quizzes found
Score Distribution
Percent of People with Each Score
Percentile by Number Answered
Your Score History
You have not taken this quiz